00476nam a22001937a 4500003000500000005001700005008004100022010000900063011000900072035000900081040000900090100002000099245003600119260007300155300000800228500001200236650001600248700001800264CHAP20220329133250.0971013s1985 r 00010 d a4094 a5066 a4272 cCHAP00aTrue, Lowell F. aCitrus trees in the home garden aTucson :bUniversity of Arizona Cooperative Extension Service,c1985 a8 p aD52-17514aCítricos.0 aFazio, Steve.